Tributación del propietario de empresas
Gardado en:
| Autor Principal: | |
|---|---|
| Formato: | Libro |
| Idioma: | Lingua castelá |
| Publicado: |
Santiago
Jurídica de Chile
2006
|
| Edición: | 2a. ed |
| Subjects: | |
| Tags: |
Engadir etiqueta
Sen Etiquetas, Sexa o primeiro en etiquetar este rexistro!
|
MARC
| LEADER | 00000nam a2200000 a 4500 | ||
|---|---|---|---|
| 001 | UCJ9053 | ||
| 003 | CL-VaPUC | ||
| 008 | 070302e20061000CL |||||||||||||||||spa|d | ||
| 020 | |a 956101727X | ||
| 082 | 0 | 4 | |a 343.83068 |b END |2 21 |
| 100 | 0 | |a Endress Gómez, Sergio |e author |9 518955 | |
| 245 | 1 | 0 | |a Tributación del propietario de empresas |
| 250 | |a 2a. ed | ||
| 300 | |a 163 p | ||
| 942 | |c BK | ||
| 945 | |d 20070302 00:00:00 |a cmena | ||
| 260 | |a Santiago |b Jurídica de Chile |c 2006 | ||
| 600 | 0 | 7 | |a SERVICIO DE IMPUESTOS INTERNOS |2 CL-VaPUC |9 345847 |
| 650 | 0 | |a Derecho tributario |9 258895 | |
| 650 | 0 | |a Impuesto a la renta |9 258171 | |
| 650 | 0 | |a Tributación |9 258429 | |
| 650 | 0 | |a Jurisprudencia |9 255952 | |
| 650 | 0 | |a Empresas |9 255569 | |
| 583 | |a last modification |c 20070302 00:00:00 |k Rodrigo Vera | ||
| 999 | |c 324692 |d 324690 | ||
| 952 | |0 0 |1 0 |4 0 |6 343_830680000000000_END_2006 |7 0 |8 A |9 405004 |a BIBDER |b BIBDER |d 2019-11-22 |i 4315650 |o 343.83068 END 2006 |p 4315650 |r 2023-01-25 |w 2019-11-22 |y BK |k DER | ||
| 952 | |0 0 |1 0 |4 0 |6 343_830680000000000_END_2006 |7 0 |8 A |9 405005 |a BIBDER |b BIBDER |d 2019-11-22 |i 4587766 |o 343.83068 END 2006 |p 4587766 |r 2023-01-25 |w 2019-11-22 |y BK |k DER | ||